000 00370nam a2200157Ia 4500
008 230524s9999 xx 000 0 und d
082 _a612.3812
_bGAN
100 _aK.A.Ganagdhar
245 0 _aElectric Power System
250 _a6TH
260 _aNEW DELHI
_bKhanna
_c2004
300 _aXII;959
500 _aQuantity Number: 2
650 _aElectrical
942 _cBK
999 _c8722
_d8722